000 01150cam a2200277 i 4500
003 SA-RiAUC
005 20260413123140.0
008 260407s2012 ua g 000r0 ara c
020 _z9789772726262
040 _aSA-JeALM
_bara
_cSA-RiAUC
_erda
082 0 4 _a212.6
_qSA-RiAUC
090 _a212.6
_bب ا ل
100 1 _aبالعمش، عبدالله بن أحمد بن عمر
_eمؤلف.
245 1 0 _aسنابل على ضفاف الشمس ( وطن ومواطن )
_cعبدالله بن احمد بن عمر بالعمش
250 _aالطبعة الأولى.
264 1 _aمكة المكرمة :
_bعبدالله بالعمش،
_c2009
300 _a87 صفحة ؛
_c24 سم
336 _aنص
_btxt
_2rdacontent
_3كتاب
337 _aبدون وسيط
_bn
_2rdamedia
500 _aختم اهداء من المؤلف عبدالله بالعمش الى الشيخ رحمه الله .
650 7 _aالإسلام والمواطنة
_2aucsh
650 _aالوطنية
_xمقالات ومحاضرات
650 _aالوطنية
_xالأخلاق الإسلامية
942 _2ddc
_cBOOK
_n0
949 _aSA-JeALM
_d260407
_uosman123
_n1
999 _c14754
_d14754